<The> Optimal Capital Structure for Biotechnology Startups
Moderné teórie kapitálovej štruktúry. Kapitálová štruktúra pre začínajúce podniky. Rizikový kapitál. Granty, dlhy, fúzie a akvizície. Súhrn kapitálových štruktúr využívaných biotechnologickými startupmi. Schéma životného cyklu konkrétnej firmy z biotechnológie.
Gespeichert in:
| 1. Verfasser: | |
|---|---|
| Format: | Buchkapitel |
| Sprache: | Englisch |
| Schlagworte: | |
| Tags: |
Keine Tags, Fügen Sie das erste Tag hinzu!
|
MARC
| LEADER | 00000naa$a2200000$$$4500 | ||
|---|---|---|---|
| 001 | 0270669 | ||
| 005 | 20240502083815.1 | ||
| 041 | 0 | |a eng | |
| 044 | |a HU | ||
| 245 | 1 | 0 | |a <The> Optimal Capital Structure for Biotechnology Startups |c Mária Szivósová |
| 520 | |a Moderné teórie kapitálovej štruktúry. Kapitálová štruktúra pre začínajúce podniky. Rizikový kapitál. Granty, dlhy, fúzie a akvizície. Súhrn kapitálových štruktúr využívaných biotechnologickými startupmi. Schéma životného cyklu konkrétnej firmy z biotechnológie. | ||
| 610 | 2 | 0 | |a biotechnológia |
| 610 | 2 | 0 | |a štruktúra kapitálová |
| 610 | 2 | 0 | |a dlhy |
| 610 | 2 | 0 | |a akvizícia |
| 610 | 2 | 0 | |a kapitál rizikový |
| 610 | 2 | 0 | |a fúzie |
| 610 | 2 | 0 | |a financovanie |
| 610 | 2 | 0 | |a podnik |
| 610 | 2 | 0 | |a start-up |
| 100 | 1 | |a Szivósová, Mária, 1958- | |